Kubla Khan : (Record no. 2296)

MARC details
000 -LEADER
fixed length control field 01358cam a2200361 a 4500
005 - DATE AND TIME OF LATEST TRANSACTION
control field 20231115115524.0
020 ## - INTERNATIONAL STANDARD BOOK NUMBER
International Standard Book Number 9780670011148
020 ## - INTERNATIONAL STANDARD BOOK NUMBER
International Standard Book Number 9780545475402
020 ## - INTERNATIONAL STANDARD BOOK NUMBER
International Standard Book Number 0670011142
040 ## - CATALOGING SOURCE
Original cataloging agency DLC
Transcribing agency DLC
Modifying agency IG#
-- BTCTA
-- UKM
-- JQJ
-- IK2
-- ORX
-- YDXCP
-- OCLCA
-- XY4
-- VP@
-- EHH
-- UBY
-- CDX
-- GYG
-- DLC
Language of cataloging eng
050 00 - LIBRARY OF CONGRESS CALL NUMBER
Classification number DS752.6.K83
Item number K78 2010
082 00 - DEWEY DECIMAL CLASSIFICATION NUMBER
Classification number 950/.2092
-- B
Edition number 22
082 00 - DEWEY DECIMAL CLASSIFICATION NUMBER
Classification number 923.1
Edition number 22
100 1# - MAIN ENTRY--PERSONAL NAME
Personal name Krull, Kathleen
245 10 - TITLE STATEMENT
Title Kubla Khan :
Remainder of title the emperor of everything /
Statement of responsibility, etc. by Kathleen Krull ; illustrated by Robert Byrd.
246 30 - VARYING FORM OF TITLE
Title proper/short title Emperor of everything
260 ## - PUBLICATION, DISTRIBUTION, ETC.
Place of publication, distribution, etc. New York :
Name of publisher, distributor, etc. Scholastic,
Date of publication, distribution, etc. 2010
300 ## - PHYSICAL DESCRIPTION
Extent 37 unnumbered pages :
Other physical details Illustrations
Dimensions 28 cm
505 ## - FORMATTED CONTENTS NOTE
Formatted contents note Z
520 ## - SUMMARY, ETC.
Summary, etc. An introduction to the thirteenth-century Chinese emperor which offers a more complete picture of the man than books which treat him as just a supporting player in Marco Polo's adventures.
521 0# - TARGET AUDIENCE NOTE
Target audience note 1080
Source Lexile
521 1# - TARGET AUDIENCE NOTE
Target audience note Z
Source Raz-Plus
650 #0 - SUBJECT ADDED ENTRY--TOPICAL TERM
Topical term or geographic name entry element Mongols
Form subdivision Biography
-- Juvenile literature.
650 #0 - SUBJECT ADDED ENTRY--TOPICAL TERM
Topical term or geographic name entry element Mongols
General subdivision History
Form subdivision Juvenile literature.
650 #1 - SUBJECT ADDED ENTRY--TOPICAL TERM
Topical term or geographic name entry element Kings, queens, rulers, etc.
650 #1 - SUBJECT ADDED ENTRY--TOPICAL TERM
Topical term or geographic name entry element Mongols
Form subdivision Biography.
650 #1 - SUBJECT ADDED ENTRY--TOPICAL TERM
Topical term or geographic name entry element Mongols
General subdivision History.
655 #0 - INDEX TERM--GENRE/FORM
Genre/form data or focus term Picture books for children.
700 1# - ADDED ENTRY--PERSONAL NAME
Personal name Byrd, Robert
Relator term illustrator
906 ## - LOCAL DATA ELEMENT F, LDF (RLIN)
a 7
b cbc
c orignew
d 1
e ecip
f 20
g y-gencatlg
942 ## - ADDED ENTRY ELEMENTS (KOHA)
Source of classification or shelving scheme Dewey Decimal Classification
Koha item type Books
Suppress in OPAC No
999 ## -
-- 2296
-- 2296
Holdings
Withdrawn status Lost status Source of classification or shelving scheme Damaged status Not for loan Collection Home library Current library Shelving location Date acquired Total Checkouts Full call number Barcode Date last seen Copy number Price effective from Koha item type
    Dewey Decimal Classification     Non-Fiction Footprints International School Library Network Toul Kork Campus Footprints International School Library Network Toul Kork Campus   11/15/2023   KRU 923.1 DS752.6.K83 FISTK04989 11/15/2023 1 11/15/2023 Books
    Dewey Decimal Classification     Non-Fiction Footprints International School Library Network Toul Kork Campus Footprints International School Library Network Toul Kork Campus TTP Secondary Non-Fiction Bookshelves 11/15/2023   KRU 923.1 DS752.6.K83 FISTK05580 01/11/2024 2 11/15/2023 Books
    Dewey Decimal Classification     Non-Fiction Footprints International School Library Network Toul Kork Campus Footprints International School Library Network Toul Kork Campus TTP Secondary Non-Fiction Bookshelves 11/15/2023   KRU 923.1 DS752.6.K83 FISSE01285 12/17/2024 3 11/15/2023 Books